000 01488nam a22002177a 4500
999 _c115225
_d115225
003 OSt
005 20200902215846.0
008 190819b2018 ||||| |||| 00| 0 eng
020 _a9789387067547
040 _cnls
041 _aEnglish
082 _a709.54 SIN
100 _aSinghania Nitin
245 _aIndian art and culture
250 _a2nd Ed
260 _aChennai
_bMcGraw Hill Education Private Limited
_c2018
300 _aPB
505 _aContents: Section-A - Visual arts : Indian architecture, sculpture and pottery -- Indian paintings -- Indian handicrafts -- UNESCO'S list of world heritage sites in India -- Section-B - Performing arts : Indian music -- Indian dance forms -- Indian threatre -- Indian puppetry -- Indian circus -- UNESCO'S list of intangible cultural heritage -- Section-C - Culture of India : Languages in India -- Religions in India -- Indian literature -- Schools of philosophy -- Indian cinema -- Science and technology through the ages -- Calendars in India -- Fairs and festivals of India -- Awards and honours -- Law and culture -- Martial arts in India -- Cultural institutions in India -- Coins in ancient and medieval India -- Indian culture abroad -- Section-D - Appendices : Delhi - A city of seven sisters -- Bhakti and sufi movement -- Famous personalities of India -- Cultural places of interest -- Recent geographical indications.
600 _aArts - India - India
_aCivilization
942 _2ddc
_cBK